| 000 | 00346nam a2200133Ia 4500 | ||
|---|---|---|---|
| 008 | 130318s9999 xx 000 0 und d | ||
| 020 | _a8178080451 | ||
| 082 | _a005.18 SIM/E | ||
| 100 | _aSimon, David E | ||
| 245 | _aAn embedded software primer | ||
| 260 |
_bPearson Education _aNew Delhi _c2003 |
||
| 300 |
_a424 _e1 CD |
||
| 650 | _aEMBEDDED SYSTEMS | ||
| 999 |
_c585 _d585 |
||